000 02742cam a2200325 i 4500
001 16099815
003 EG-ScBUE
005 20241218103528.0
008 100222s2010 enka f b 001 0 eng d
020 _a9780521516006 (hardback)
040 _aDLC
_beng
_erda
_cDLC
_dDLC
_dEG-ScBUE
082 0 4 _a523.18
_222
_bAME
100 1 _aAmendola, Luca,
_d1963-
_eauthor.
_928958
245 1 0 _aDark Energy :
_btheory and observations /
_cLuca Amendola, Shinji Tsujikawa.
264 1 _aCambridge ;
_aNew York :
_bCambridge University Press,
_c2010.
300 _axiv, 491 pages :
_billustrations ;
_c25 cm
336 _2rdacontent
_atext
_btxt
337 _aunmediated
_2rdamedia
_bn
338 _avolume
_bnc
_2rdacarrier
504 _aIncludes bibliographical references and index.
505 8 _aMachine generated contents note: 1. Overview; 2. Expansion history of the universe; 3. Correlation function and power spectrum; 4. Basics of cosmological perturbation theory; 5. Observational evidence of dark energy; 6. Cosmological constant; 7. Dark energy as a modified form of matter I: quintessence; 8. Dark energy as a modified form of matter II; 9. Dark energy as a modification of gravity; 10. Cosmic acceleration without dark energy; 11. Dark energy and linear cosmological perturbations; 12. Non-linear cosmological perturbations; 13. Statistical methods in cosmology; 14. Future observational constraints on the nature of dark energy; 15. Conclusion and outlook; 16. Answers to the problems; 17. Mathematical appendix; Index.
520 _a"Dark energy, the mysterious cause of the accelerating expansion of the Universe, is one of the most important fields of research in astrophysics and cosmology today. Introducing the theoretical ideas, observational methods and results, this textbook is ideally suited to graduate courses on dark energy, and will also supplement advanced cosmology courses. Providing a thorough introduction to this exciting field, the textbook covers the cosmological constant, quintessence, k-essence, perfect fluid models, extradimensional models, and modified gravity. Observational research is reviewed, from the cosmic microwave background to baryon acoustic oscillations, weak lensing, and cluster abundances. Every chapter ends with problems, with full solutions provided, and any calculations are worked through step-by-step. "--
650 7 _aDark energy (Astronomy)
_2BUEsh
_928959
653 _cFebruary2012
655 _vReading book
700 1 _aTsujikawa, Shinji,
_eauthor.
_928960
856 4 2 _3Cover image
_uhttp://assets.cambridge.org/97805215/16006/cover/9780521516006.jpg
942 _2ddc
_cBB
999 _c16477
_d16477